BIBLIOTECA de autores españoles desde la formación del lenguaje hasta nuestros días : Comedias de Don Pedro Calderón de la Barca /

Guardado en:
Autor Principal: Calderón de la Barca, Pedro.
Formato: Libro
Idioma:Spanish
Publicado: Madrid : Atlas, 1944.
Materias:
Etiquetas: Agregar Etiqueta
Sin Etiquetas, Sea el primero en etiquetar este registro!
LEADER 00659nam a22001815a 4500
001 EUN.um045913
003 AR-BaUNS
005 20050623122915.0
008 041125s1944####sp############000#0#spa#d
245 1 0 |a BIBLIOTECA de autores españoles desde la formación del lenguaje hasta nuestros días :  |b Comedias de Don Pedro Calderón de la Barca /  |c Pedro Calderón de la Barca. 
260 |a Madrid :  |b Atlas,  |c 1944. 
300 |a 140 v. 
100 1 |a Calderón de la Barca, Pedro. 
082 0 4 |a 860 
082 0 4 |a 862.3 
653 |a Biblioteca de autores espaÑoles 
653 |a Literatura espaÑola:historia 
859 |a Ar-BaUNS  |b BIB. CENTRAL - Sector C  |h 860  |i B472  |p 2875/961  |v v.14